00617nam a2200193 i 4500001000700000003000900007005001700016007000300033008004100036080003400077100002300111245004900134260005000183300003900233490003000272600002800302830003000330852006300360120952ES-MaACL20230906191645.0t|070214s1955 sp f |||| |bspa d a929:75 Valdés Leal, Juan de1 aPompey, Francisco.10aJuan Valdés Leal / cpor Francisco Pompey. aMadrid : bPublicaciones Españolas, c1955. a29 p., [4] p. de lám. ; c24 cm.1 aTemas españoles ; v19514aValdés Leal, Juan de.1 aTemas españoles ; v195 aES-MaACLj1966-F-6 z- Dedicatoria autógrafa del autor